000 00529nam a2200157 a 4500
008 160816s2014 ||||||||||||||||| || u
020 _a9780349139760
050 _aPR 6056.E53S6
100 _aFergusson, Ben
245 1 4 _aThe spring of Kasper Meier
_cBy Ben Fergusson
260 _aLondon
_bAbacus Press
_c2014
300 _a388 p.
350 _a10.17
650 _aENGLISH LANGUAGE
995 _FCBU-MAIN LIBRARY (Kitwe)
_I10.17
_M1
_UAVAILABLE
_WSep 26, 2016
_ZFiction Collection
999 _c58122
_d58122